A dynamic theory of public spending, taxation, and debt (Record no. 77935)

000 -LEADER
fixed length control field 00473pab a2200193 454500
008 - FIXED-LENGTH DATA ELEMENTS--GENERAL INFORMATION
fixed length control field 180718b2008 xxu||||| |||| 00| 0 eng d
100 ## - MAIN ENTRY--PERSONAL NAME
Personal name Battaglini, Marco
245 ## - TITLE STATEMENT
Title A dynamic theory of public spending, taxation, and debt
260 ## - PUBLICATION, DISTRIBUTION, ETC.
Date of publication, distribution, etc. 2008
300 ## - PHYSICAL DESCRIPTION
Extent p.201-36.
362 ## - DATES OF PUBLICATION AND/OR SEQUENTIAL DESIGNATION
Dates of publication and/or sequential designation Mar
650 ## - SUBJECT ADDED ENTRY--TOPICAL TERM
Topical term or geographic name entry element Debt
650 ## - SUBJECT ADDED ENTRY--TOPICAL TERM
Topical term or geographic name entry element Taxation
650 ## - SUBJECT ADDED ENTRY--TOPICAL TERM
Topical term or geographic name entry element Public expenditure
700 ## - ADDED ENTRY--PERSONAL NAME
Personal name Coate, Stephen
773 ## - HOST ITEM ENTRY
Main entry heading American Economic Review
908 ## - PUT COMMAND PARAMETER (RLIN)
Put command parameter N
909 ## -
-- 77935
Holdings
Withdrawn status Lost status Damaged status Not for loan Permanent Location Current Location Date acquired Serial Enumeration / chronology Barcode Date last seen Price effective from Koha item type
        Indian Institute of Public Administration Indian Institute of Public Administration 2018-07-19 Volume no: 98, Issue no: 1 AR78395 2018-07-19 2018-07-19 Articles

Powered by Koha